Statistics for Countries with embassies and consulates in Peru

Click here to take the quiz!

General Stats

  • This quiz has been taken 24 times
  • The average score is 52 of 58

Answer Stats

ContinentCountry% Correct
South AmericaArgentina
100%
OceaniaAustralia
100%
South AmericaBolivia
100%
South AmericaBrazil
100%
North AmericaCanada
100%
South AmericaChile
100%
AsiaChina
100%
South AmericaColombia
100%
EuropeFrance
100%
North AmericaGuatemala
100%
Asia/ EuropeRussia
100%
EuropeSpain
100%
North AmericaUnited States of America
100%
South AmericaUruguay
100%
South AmericaVenezuela
100%
EuropeAustria
95%
EuropeBelgium
95%
North AmericaCosta Rica
95%
North AmericaCuba
95%
South AmericaEcuador
95%
North AmericaHonduras
95%
AsiaJapan
95%
North AmericaMexico
95%
North AmericaPanama
95%
South AmericaParaguay
95%
EuropePortugal
95%
EuropeSwitzerland
95%
EuropeUnited Kingdom
95%
AfricaAlgeria
91%
AfricaEgypt
91%
North AmericaEl Salvador
91%
EuropeGermany
91%
EuropeGreece
91%
AsiaIndonesia
91%
AfricaMorocco
91%
EuropePoland
91%
EuropeSweden
91%
Europethe Netherlands
91%
EuropeItaly
86%
AsiaSouth Korea
86%
Asia/ EuropeTurkey
86%
EuropeCzech Republic
82%
North AmericaDominican Republic
82%
EuropeFinland
82%
EuropeHungary
82%
AsiaIndia
82%
AsiaIsrael
82%
AsiaSaudi Arabia
82%
AsiaAzerbaijan
77%
AsiaUnited Arab Emirates
77%
EuropeVatican City
77%
AsiaQatar
73%
AfricaSouth Africa
73%
AsiaThailand
73%
EuropeUkraine
73%
EuropeRomania
64%
AsiaNorth Korea
59%
AsiaPalestine
32%

Score Distribution

Percentile by Number Answered

Percent of People with Each Score

Your Score History

You have not taken this quiz